00295nam a22001097a 4500020002200000040001500022082001600037100003500053245004000088260003600128300002100164 a9789351072256qPB cNUSTdNUST a620.11bPHI aPhilip, Mathew & Bolton , Bill aTechnology of Engineering Materials aNEW Delhi, ;bElsevier, c2014. a471 p. ;b28 cm.